Secret Santa / Fern Michaels, Marie Bostwick, ... Read More
Available copies
- 1 of 1 copy available at LARL/NWRL Consortium.
Current holds
0 current holds with 1 total copy.
Show Only Available Copies
| Location | Call Number / Copy Notes | Barcode | Shelving Location | Status | Due Date |
|---|---|---|---|---|---|
| Red Lake Falls Public Library | pb SEC (Text) | 35500005227994 | Main | Available | - |
Record details
- ISBN: 9781420121452 (pbk.)
- ISBN: 1420121456 (pbk.)
- Physical Description: 386 p. ; 18 cm.
- Publisher: New York, NY : Kensington Publishing Corp., 2013.
Content descriptions
| Formatted Contents Note: | Mister Christmas / by Fern Michaels -- The Yellow ... Read More |
| Summary, etc.: | Mister Christmas. "A week before Christmas, ... Read More The Yellow Rose of Christmas. "Though Miss Velvet ... Read More Nightmare on Elf Street. "Aside from the ... Read More Room at the Inn. "When a Rocky Mountain blizzard ... Read More |
Search for related items by subject
| Subject: | Christmas stories, American. |
| Genre: | Christmas stories. Love stories. Mystery fiction. Short stories. |
| LDR | 02915cam a2200433Ia 4500 | ||
|---|---|---|---|
| 001 | 158700 | ||
| 003 | LARL_NWRL_CONSORTIUM | ||
| 005 | 20131030090134.0 | ||
| 008 | 121213s2013 nyu 000 1 eng d | ||
| 020 | . | ‡a9781420121452 (pbk.) | |
| 020 | . | ‡a1420121456 (pbk.) | |
| 035 | . | ‡a(OCoLC)821217810 | |
| 049 | . | ‡aNRGB | |
| 082 | 0 | 4. | ‡a813/.0108334 ‡b23 |
| 245 | 0 | 0. | ‡aSecret Santa / ‡cFern Michaels, Marie Bostwick, Laura Levine, Cindy Myers. |
| 260 | . | ‡aNew York, NY : ‡bKensington Publishing Corp., ‡c2013. | |
| 300 | . | ‡a386 p. ; ‡c18 cm. | |
| 505 | 0 | 0. | ‡tMister Christmas / ‡rby Fern Michaels -- ‡gThe ‡tYellow Rose of Christmas / ‡rby Marie Bostwick -- ‡tNightmare on Elf Street / ‡rby Laura Levine -- ‡tRoom at the Inn / ‡rby Cindy Myers. |
| 520 | . | ‡aMister Christmas. "A week before Christmas, attorney Claire O'Brien is summoned to Ireland to change her wealthy client's will--only to encounter resistance from his handsome nephew. Will Claire be forced to spend the holidays up close and personal with her irresistible Irish nemesis?"--P. [4] of cover. | |
| 520 | . | ‡aThe Yellow Rose of Christmas. "Though Miss Velvet Tudmore wrote off romance years ago, rumor has it she has a secret admirer. And when her surprise suitor promises to reveal himself at the annual Christmas ball in Too Much, Texas, Velvet starts to wonder: is it ever too late to find love?"--P. [4] of cover. | |
| 520 | . | ‡aNightmare on Elf Street. "Aside from the mortifying costume, how bad can a gig as a mall Santa's elf be? Jaine Austen finds out when she's teamed up with the Santa from Hell. But things go from bad to worse when he's found murdered on the job--and Jaine is a suspect. Now all she wants for Christmas is to find the real killer..."--P. [4] of cover. | |
| 520 | . | ‡aRoom at the Inn. "When a Rocky Mountain blizzard forces Barb and her husband to spend Christmas in a remote Colorado cabin with their fellow travelers, Barb struggles to cope--especially when her husband reveals troubling news. But sometimes a holiday shake-up is all a woman needs to discover what she's truly made of..."--P. [4] of cover. | |
| 650 | 0. | ‡aChristmas stories, American. ‡0(LARL_NWRL_CONSORTIUM)35907 | |
| 655 | 0. | ‡aChristmas stories. | |
| 655 | 0. | ‡aLove stories. | |
| 655 | 7. | ‡aMystery fiction. ‡2gsafd | |
| 655 | 0. | ‡aShort stories. | |
| 700 | 1 | 2. | ‡aMichaels, Fern. ‡tMister Christmas. |
| 700 | 1 | 2. | ‡aBostwick, Marie. ‡tYellow Rose of Christmas. |
| 700 | 1 | 2. | ‡aLevine, Laura, ‡d1943- ‡tNightmare on Elf Street. |
| 700 | 1 | 2. | ‡aMyers, Cindi. ‡tRoom at the Inn. |
| 901 | . | ‡a158700 ‡bOCLC ‡c158700 ‡tbiblio | |

Add to basket
Permalink
Enable Highlighting